| 000 | 00959nam a22002537a 4500 | ||
|---|---|---|---|
| 008 | 081223t xxu||||| |||| 00| 0 eng d | ||
| 010 | _aENG-92268 | ||
| 020 |
_c200.00 _a818931470X |
||
| 035 | _aEN-75801 | ||
| 037 | _bDBAD / PUB | ||
| 040 |
_adpl _bEnglish |
||
| 082 | _a658.4038011 | ||
| 100 | _aJoshi, N.K. | ||
| 245 |
_aInformation technology for management / _cby N.K. Joshi, Rajeev Srivastava [and] Aman Jain |
||
| 260 |
_aJaipur _bAjmera Book _c2008-09 |
||
| 270 |
_aTripolia Bazar, _bJaipur _e302002 |
||
| 300 |
_a197p.: _c24cm (pbk) _bill. |
||
| 650 | _aManagement information systems. | ||
| 650 |
_aInformation technology _xManagement. |
||
| 700 | _aSrivastava, Rajeev | ||
| 700 | _aJain,Aman | ||
| 942 |
_2ddc _cEN _mJOS _h658.4038011 |
||
| 999 |
_c20195 _d20195 |
||